000
00301nam a2200109Ia 4500
008
230907s9999||||xx |||||||||||||| ||und||
082
_a
333.7
_b
TIE
100
_a
Tietenberg, Thomas H.,
_9
115695
245
0
_a
Environmental and natural resource economics /
300
_a
xxvii, 557 pages ;
942
_c
BK
999
_c
599179
_d
599179